000 00271nam a2200121Ia 4500
005 20251222153542.0
008 251222s9999||||xx |||||||||||||| ||spa||
082 _a320.973/G83
245 0 _aDemocracia:
250 _a1ra. ed.
264 _bGrupo Propuesta
942 _cLIB
999 _c30512
_d30512